000 00638nam a22001937a 4500
005 2010081304414.0
010 _aENG-100275
020 _c80.00
035 _aEN-83807
037 _bDBAD/PUB
082 _a574.5
100 _aArumugam, V
_912503
245 _aConcepts of ecology /
_cby V Arumugam
260 _aTamil Nadu
_bMercury Publishers
_c2008
270 _aGanesh Complex Peramballor
_bTamilnadu
_e621212
300 _a106p
_c20cm(pbk)
942 _2ddc
_cEN
_h574.5
_mARU
999 _c41585
_d41585